O porão mal-assombrado (Record no. 140841)

MARC details
000 -LÍDER
campo de controle de tamanho fixo 00546 a2200205 4500
001 - NÚMERO DE CONTROLE
campo de controle 140841
040 ## - FONTE DA CATALOGAÇÃO
Instituição que transcreveu o registro Leonardo Da Vinci
041 ## - CÓDIGO DE IDIOMA
Código do idioma do texto/trilha sonora ou título diferente Português
082 ## - CDD - CLASSIFICAÇÃO DECIMAL DE DEWEY
Número de Classificação I N769p
Número do exemplar N769p
100 ## - ENTRADA PRINCIPAL--NOME PESSOAL
Nome pessoal NORONHA, Maria Teresa Guimarães
245 ## - TÍTULO
Título O porão mal-assombrado
250 ## - EDIÇÃO
Edição 7.ed
260 ## - PUBLICAÇÃO, DISTRIBUIÇÃO, ETC.
Nome do editor, distribuidor, etc. Moderna
Data da publicação, distribuição, etc. 1990
Local de publicação, distribuição, etc. São Paulo
300 ## - DESCRIÇÃO FÍSICA
Extensão 23
362 ## - DATAS DE PUBLICAÇÃO E/OU DESIGNAÇÃO SEQUENCIAL
Datas de publicação e/ou designação sequencial 19900000
490 ## - TÍTULO DA SÉRIE
Título da série Girassol
500 ## - NOTA GERAL
Nota geral Henrique Farias (Ilustração)
697 ## - ENTRADA DE ASSUNTO LOCAL--ENTIDADE COLETIVA (RLIN)
Nome corporativo ou nome da jurisdição Literatura infantil
-- Literatura infanto-juvenil
-- Mistério
-- Medo
-- Fantasma
942 ## - ELEMENTOS DE ENTRADA ADICIONADOS (KOHA)
Tipo de material Koha Livros
Holdings
Situação do descarte Situação das perdas Situação física Não pode ser emprestado Biblioteca de origem Biblioteca atual Data de aquisição Total de empréstimos Número de chamada completo Código de barras Data de último acesso Data do preço efetivo Tipo de material Koha
        Leonardo Da Vinci - Osasco Leonardo Da Vinci - Osasco 27/03/2024   I N769p O002794 27/03/2024 27/03/2024 Livros
        Leonardo Da Vinci - Osasco Leonardo Da Vinci - Osasco 27/03/2024   I N769p O001289 27/03/2024 27/03/2024 Livros